| 000 | 00801nam a2200241 i 4500 | ||
|---|---|---|---|
| 001 | 113522 | ||
| 003 | ES-MaACL | ||
| 005 | 20250815031122.0 | ||
| 007 | t| | ||
| 008 | 061121s1972 sp r ||||1| spa d | ||
| 100 | 1 |
_aPabón y Suárez de Urbina, Jesús, _d1902-1976 _988103 |
|
| 245 | 1 | 0 |
_aEspaña y la cuestión romana / _cJesús Pabón. |
| 250 | _a[1ª ed.]. | ||
| 260 |
_aMadrid : _bMoneda y Crédito, _c1972. |
||
| 300 |
_a189 p. ; _c22 cm. |
||
| 490 | 1 |
_aColección Historia y Sociología ; _v1 |
|
| 650 | 4 |
_aCuestión romana. _9149871 |
|
| 651 | 4 |
_aEspaña- _xRelaciones- _zItalia. _9153911 |
|
| 651 | 4 |
_aItalia- _xRelaciones- _zEspaña. _9160778 |
|
| 830 | 0 | 0 |
_aColección historia y sociología _v1 _9233197 |
| 852 |
_aES-MaACL _jC-42926 _bR.82203 |
||
| 999 |
_c113522 _d113522 |
||